000 00518nam a2200241Ia 4500
003 IT-RoPAU
008 120407s9999 xx 000 0 und d
040 _aIT-RoPAU
040 _cIT-RoPAU
041 _aita
100 _aEngels
245 _aManifesto del partito comunista. Pres. Chiaromonte Gerardo.
250 _aRoma
260 _aSezione Propaganda
260 _c1973
300 _a91 p.
300 _c17 cm
490 _v1
700 _aMarx
700 _aEngels
942 _cBK
999 _c37175
_d37175